Szigorúan ellenőrzött mondatok, Hrabal nélkül "a kritikusok nem érdekelnek, már most borítékolni tudnám, mit fognak írni ... "

Bibliographic Details
Main Authors: Szabó, László G., 1955- (Author, Interviewer), Menzel, Jiří, 1938-2020 (Author)
Format: Article
Language:Hungarian
PhysicalDescription:Fotogr.
Subjects:

MARC

LEADER 00000nab a2200000 ar4500
001 vtls008901662
003 SK-MaSNL
005 20260319071403.0
008 061031c20061028xo |||||||| 000 b|hun
015 |a SNBRB2006/10  |2 snkbucl 
038 |a SNKBUCL 
040 |a DSZK  |b slo  |c DSZK  |e AACR2 
041 0 |a hun 
044 |a xo  |c SK 
080 |a 791.44.071.2  |2 1997 
100 1 |a Szabó, László G.,  |d 1955-  |4 ivr  |4 aut  |9 840019 
245 1 0 |a Szigorúan ellenőrzött mondatok, Hrabal nélkül  |b "a kritikusok nem érdekelnek, már most borítékolni tudnám, mit fognak írni ... "  |c Szabó G. László, Jiří Menzel 
300 |b Fotogr. 
600 1 7 |a Menzel, Jiří,  |d 1938-2020  |2 snkbucl  |9 104654 
630 0 7 |a Obsluhoval jsem anglického krále (film)  |2 snkbucl  |9 1067903 
655 7 |a rozhovory  |2 snkbucl  |9 31831 
700 1 |a Menzel, Jiří,  |d 1938-2020  |4 ive  |4 aut  |9 104654 
773 0 |t Új szó  |g Évf. 59, sz. 249 (28.10.2006), o. 14 
852 |a SNK  |b KIS3GCP 
852 |a DSZK  |b KIS3GCP 
958 |a BC 
958 |a CZ 
999 |c 1759914  |d 1761844